| 000 | 01233nac a22003131i 4500 | ||
|---|---|---|---|
| 003 | EG-ScBUE | ||
| 005 | 20240417143942.0 | ||
| 008 | 240417s1968 enka f b 000 0 eng d | ||
| 020 | _a0701113472 (v. 1) | ||
| 040 |
_aEG-ScBUE _beng _erda _cEG-ScBUE _dEG-ScBUE |
||
| 082 | 0 | 4 |
_a945.8 _bFIN _222 |
| 100 | 1 |
_aFinley, M. I. _q(Moses I.), _d1912-1986, _eauthor. |
|
| 245 | 1 | 2 | _aA history of Sicily. |
| 264 | 1 |
_aLondon : _bChatto & Windus, _c1968. |
|
| 300 |
_a3 volumes : _billustrations ; _c23 cm |
||
| 336 |
_2rdacontent _atext _btxt |
||
| 337 |
_aunmediated _2rdamedia _bn |
||
| 338 |
_avolume _bnc _2rdacarrier |
||
| 504 | _aIncludes bibliographical references. | ||
| 505 | 0 | _aVolume 1. Ancient Sicily to the Arab conquest, By M.I. Finley. (B 68-20049) -- Volume 2. Medieval Sicily, 800-1713, by D.M. Smith. (B 68-13584) -- Volume 3. Modern Sicily, after 1713, by D.M. Smith. (B 68-13584). | |
| 651 | 7 |
_aSicily (Italy) _xHistory. _2BUEsh |
|
| 655 | _vReading book | ||
| 700 | 2 |
_aMack Smith, Denis, _d1920- _eauthor. |
|
| 740 | 0 | _aAncient Sicily to the Arab conquest. | |
| 740 | 0 | _aMedieval Sicily, 800-1713. | |
| 740 | 0 | _aModern Sicily, after 1713. | |
| 942 |
_cBB _2ddc |
||
| 999 |
_c1833 _d1833 |
||